Score 0/9 Timer 02:00
0 Plays Today
Tip Country % Correct
United States
100%
United Kingdom
98.1%
France
96.7%
Germany
94.3%
Australia
92.5%
Canada
91%
China
90.1%
Type 'other' for this one.Others
78.3%
Switzerland
30.2%
Remove Ads.
Support Sporcle.
Get the best of Sporcle when you Go Orange. This ad-free experience offers more features, more stats, and more fun while also helping to support Sporcle. Thank you for becoming a member.

You're not logged in!

Compare scores with friends on all Sporcle quizzes.
OR
Log In

Show Comments

Extras

Top Quizzes Today


Score Distribution

Your Account Isn't Verified!

In order to create a playlist on Sporcle, you need to verify the email address you used during registration. Go to your Sporcle Settings to finish the process.

Report this User

Report this user for behavior that violates our Community Guidelines.

Details: